| 000 | 00352pam a2200133a 44500 | ||
|---|---|---|---|
| 008 | 230405s2022 xxu||||| |||| 00| 0 eng d | ||
| 041 | _aENG | ||
| 100 | _aDR S.B. BHISE /A V YADAV | ||
| 245 | _aHUMAN ANATOMY AND PHYSIOLOGY -II ( DR S.B. BHISE /A V YADAV | ||
| 250 | _a7 | ||
| 260 |
_aPUNE _bNIRALI PRAKASHAN _c2022 |
||
| 300 | _a8.14 | ||
| 906 | _a2627 | ||
| 999 |
_c277898 _d277898 |
||